00564nam a2200205 a 4500001001300000003000900013005001700022008004100039020002200080082001900102100002200121245005300143260002500196300000900221500003500230505002400265650001900289650002800308700002200336nice12345678IN_TiNIC20260116012311.0050524s1993 dela grp 000 0 eng  a8172143 c3000a291.17873bTHO aThompson, Henry O aVoices from World Religionsb Peace in Our Time. aDelhi bISPCK c1993 a162p aincludes index and biblioraphy2 aBibliography, Index aReligion-Peace aPeace-Religious Aspects1 aThompson, Henry O